banner-ar

بغية الطلاب فى شرح منية الحساب / (Record no. 43600)

MARC details
000 -الفاتح
حقل البيانات ثابتة الطول 00924nam a2200205Ia 4500
005 - وقت وتاريخ اخر تعامل مع التسجيلة
رقم الضبط 20240530103935.0
008 - عناصر البيانات ثابتة الطول - معلومات عامة
حقل البيانات ثابتة الطول 140319s9999 xx 000 0 ara d
040 ## - مصدر الفهرسة
وكالة الفهرسة الأصلية GCL /
وكالة النسخ GCL
082 04 - رقم تصنيف ديوى العشرى
رقم التصنيف 510.9
رقم المادة غ ب
100 1# - المدخل الرئيسى - إسم شخصى
الإسم الشخصى ابن غازى : ابو عبدالله محمد بن احمد بن محمد بن على العثمانى المكناسى
245 10 - بيان العنوان
العنوان بغية الطلاب فى شرح منية الحساب /
بيان المسئوليه,etc ابن غازى : ابو عبدالله محمد بن احمد بن محمد بن على العثمانى المكناسى ؛ تحقيق وتقديم محمد سويسى
300 ## - الوصف المادى
التعداد 323 ص
490 ## - بيان السلسلة
عنوان السلسلة مصادر ودراسات فى تاريخ الرياضيات العربية
رقم المجلد/ التعيين التسلسلي 0
650 04 - المدخل الاضافى بالموضوع-مصطلح موضوعى
مصطلح موضوعي العلوم عند العرب
650 04 - المدخل الاضافى بالموضوع-مصطلح موضوعى
مصطلح موضوعي الحضارة الاسلامية
650 04 - المدخل الاضافى بالموضوع-مصطلح موضوعى
مصطلح موضوعي الحساب - تاريخ
700 1# - المدخل الاضافى - اسم شخصى
الإسم الشخصى محمد سويسى
الدور محقق
942 ## - عناصر المدخل الإضافي( كوها)
مصدر التصنيف او مخطط الترفيف Dewey Decimal Classification
Koha [default] item type كتاب
Holdings
حالة التراجع حالة الفقد حالة تلف ليس للاعارة المكان المؤقت الموقع الحالى تاريخ الاكتساب اجمالي اﻻعارات رقم الطلب الباركود تاريخ اخر مشاهدة تاريخ تفعيل السعر نوع وعاء كوها
        مكتبة القاهرة الكبرى مكتبة القاهرة الكبرى 03/26/2014   410.9\م ب 105614 03/26/2014 03/26/2014 كتاب
        مكتبة القاهرة الكبرى مكتبة القاهرة الكبرى 03/26/2014   410.9\م ب 105615 03/26/2014 03/26/2014 كتاب
        مكتبة القاهرة الكبرى مكتبة القاهرة الكبرى 03/26/2014   410.9\م ب 105616 03/26/2014 03/26/2014 كتاب

Powered By

EGPV